carré - werenoi ( tout les sons ) - Statistiques

Statistiques générales
  • Ce quiz a été pris 196 fois
  • Le résultat moyen est 12 sur 19
Statistiques - réponses
Réponse % Correct
laboratoire
84%
ciao (ft. Ninho)
82%
chemin d'or
81%
maison hantee
77%
intro rolex
73%
tout seul (ft. Tiakola)
70%
figaro
65%
escorte (ft. PLK)
64%
grisaille
64%
10.03.2023
60%
virus
59%
millionaire
56%
nos labels c'est du papel (ft. Lacrim)
56%
satan 2
55%
boussole
54%
rude boy
54%
vroum vroum
54%
l'ancien
53%
salaire
53%
Aucun quiz correspondant
Distribution des résultats
% des personnes avec chaque résultat
Percentile par nombre de réponses
Votre historique - résultats
Vous n’avez pas pris ce quiz